000 00432nam a22001817a 4500
003 MPLRDC
005 20220104143752.0
008 210129b ||||| |||| 00| 0 eng d
082 _a225.8 CSCS
100 _a崇山禅师
245 _a弹灰在佛身
_c
250 _a第二版
260 _a
_b法露缘出版社
_c1998
300 _b
490 _a法露缘丛书. 6
650 _a信仰生活
942 _cBK
_o225.8 CSCS
999 _c43142
_d43132